1938 1514 1572 1530 1311 1463 1217 1787 1872 1213 1268 1560 1005 1925 1178 1774 1616 1597 1921 1762 1966 1705 1652 1198 1079 1915 1898 1825 1026 1934 1787 1321 1996 1591 1046 1147 1578 1194 1343 1754 1803 1771 1144 1604 1345 1376 1244 1535 1617 1155 1478 1674 1153 1287 1260 1919 1710 1765 1285 1025 1906 1762 1099 1389 1423 1378 1847 1958 1921 1497 1285 1244 1105 1850 1377 1019 1276 1433 1078 1091 1367 1403 1523 1214 1606 1624 1126 1887 1878 1622 1611 1538 1423 1263 1794 1002 1826 1374 1766 BCNSPRNW ULIB Ver.6.0+V

เปลี่ยนเป็นภาษาไทย

Change to English
 แสดงรายละเอียดบรรณานุกรม
  กลับหน้าหลัก

Brief Record : Get Marc (ISO 2709) : E-mail record : QR code < ปิดหน้าต่าง
LEADER : 00000nam 2200000uu 4500
001    13399109654
003     ULIB
008    110407s2552||||th 000 0 tha d
020    9741149766
024    9789741149766
060  4 WV100^bจ633G 2552
245 01 Guideline Management for common eye ear nose and thoat diseases^cบรรณาธิการ,จตุรงค์ จงสถิตไพบูลย์ และเพ็นนี สิงหะ
260    สงขลา:^bชานเมืองการพิมพ์, ^c2552
300    240 หน้า:^bภาพประกอบ
650  7 โรคทางตา หู คอ จมูก
650  7 Otorhinolaryngologic
700 0  จตุรงค์ จงสถิตไพบูลย์,^e บรรณาธิการ
700 0  เพ็นนี สิงหะ,^eบรรณาธิการ
945    ^p340^l0^i027134
945    ^p340^l0^i027135
995    เกษร
999 ^a ใช้งานได้ทุกระบบ
รายการนี้ยังไม่มีแท็ก
คุณยังไม่ได้ล็อกอิน คุณสามารถมีกิจกรรมร่วมกับเว็บไซต์ได้ แต่ต้องล็อกอินก่อน ::
  ล็อกอิน

รายการสื่อสารสนเทศ

ลำดับที่ ประเภท เลขเรียก/บาร์โค้ด สถานที่ สถานะ
- ไม่พบข้อมูล -

รายการใกล้เคียง
    หัวเรื่อง [โรคทางตา หู คอ จมูก]
    หัวเรื่อง [Otorhinolaryngologic]

BibComment


ยังไม่เคยถูกคอมเมนท์

คอมเมนท์ทรัพยากรรายการนี้
  คอมเมนท์: Guideline Managem..


 Copyright 2026. Bcnsprnw @Library